Geologic map of the Jacobs Well and southern part of the Elbow Canyon quadrangles, Mohave County, Arizona /

Bibliographic Details
Corporate Author: Geological Survey (U.S.)
Other Authors: Bohannon, Robert G.
Format: Government Document Map
Language:English
Published: Reston, Va. : The Survey ; 1991.
Series:Miscellaneous investigations series (Geological Survey (U.S.)) ; I-2167.
Subjects:

MARC

Tag First Indicator Second Indicator Subfields
LEADER 00000cem a2200000 a 4500
001 in00001079621
005 20150929112026.0
007 aj canzn
008 920504s1991 vauag zz a f 1 eng d
010 |a gp 92069565  
034 1 |a a  |b 24000  |d W1140000  |e W1135230  |f N0364500  |g N0363730 
035 |a (OCoLC)25754305 
035 |9 AFQ5633AM 
040 |a GIS  |c GIS  |d GPO  |d DLC  |d UtOrBLW 
052 |a 4333  |b M6 
074 |a 619-G-8 
086 0 |a I 19.91:I-2167 
110 2 |a Geological Survey (U.S.) 
245 1 0 |a Geologic map of the Jacobs Well and southern part of the Elbow Canyon quadrangles, Mohave County, Arizona /  |c Department of the Interior, U.S. Geological Survey ; by Robert G. Bohannon. 
255 |a Scale 1:24,000 ;  |b U.T.M. proj.  |c (W 11400ʹ00ʺ--W 11352ʹ30ʺ/N 3645ʹ00ʺ--N 3637ʹ30ʺ). 
264 1 |a Reston, Va. :  |b The Survey ;  |c 1991. 
264 2 |a Denver, CO :  |b For sale by Map Distribution, 
300 |a 1 map :  |b color ;  |c 66 x 47 cm., on sheet 86 x 109 cm., folded in envelope 30 x 24 cm. 
336 |a cartographic image  |b cri  |2 rdacontent 
337 |a unmediated  |b n  |2 rdamedia 
338 |a sheet  |b nb  |2 rdacarrier 
490 1 |a Miscellaneous investigations series ;  |v map I-2167 
500 |a Relief shown by contours and spot heights. 
500 |a "Geology mapped in 1982." 
500 |a Includes text, bibliography, 2 location maps, and 2 col. cross sections. 
500 |a Cartographic material. 
650 0 |a Geology  |z Arizona  |z Mohave County  |x Maps. 
700 1 |a Bohannon, Robert G. 
740 0 |a Jacobs Well and southern part of the Elbow Canyon quadrangles, Moahve County, Arizona, geologic map. 
830 0 |a Miscellaneous investigations series (Geological Survey (U.S.)) ;  |v I-2167. 
999 |a MARS 
999 f f |s e5fd9642-16e7-3f44-a7d1-f87e9eb636cf  |i 3b320b7a-21c6-37b6-a8ca-634e83d39794  |t 0 
952 f f |p normal  |a Texas A&M University  |b College Station  |c Sterling C. Evans Library  |d Evans: Maps File (2nd floor)  |t 0  |e I 19.91:I-2167  |h Superintendent of Documents classification  |i unmediated -- sheet  |m A14815482125 
998 f f |a I 19.91:I-2167  |t 0  |l Evans: Maps File (2nd floor)